[Event "ODEM U25A 2012"]
[Site "Oberhof GER"]
[Date "2012.05.30"]
[Round "6"]
[White "Wachinger, David"]
[Black "Thumm, Felix"]
[Result "1-0"]
[Termination "normal"]
[Board "24"]
[WhiteElo "1699"]
[BlackElo "1738"]
[PlyCount "119"]
[WhiteFideId "24692689"]
[BlackFideId "12902209"]
[EventCountry "GER"]
[EventRounds "9"]
[EventType "swiss"]
[EventDate "2012.05.26"]

1. d4 e6 2. c4 d5 3. Nf3 Nf6 4. Nc3 c6 5. Bg5 Nbd7 6. e3 Qa5 7. Nd2 Bb4 8. Qc2
a6 9. Bxf6 Nxf6 10. Bd3 O-O 11. O-O Re8 12. Nf3 h6 13. Rac1 Bd6 14. Rfd1 Nd7
15. e4 Bf4 16. Rb1 dxc4 17. Bxc4 Qc7 18. b4 Nb6 19. Bb3 Bd7 20. e5 Rac8 21. Ne4
Rcd8 22. g3 Bg5 23. Nfxg5 hxg5 24. Nxg5 g6 25. Ne4 Re7 26. Qd2 Kg7 27. Qg5 Be8
28. Qh4 Nd5 29. Nf6 Red7 30. Qh7+ Kf8 31. Bxd5 Rxd5 32. Nxd5 Rxd5 33. Qh8+ Ke7
34. Qf6+ Kd7 35. a3 Qb6 36. Qf4 Qb5 37. Rbc1 b6 38. Qe3 Kc8 39. h4 Rd8 40. Qd3
Qa4 41. Kg2 Kb7 42. Rb1 Ka7 43. Qb3 Qb5 44. Rb2 c5 45. dxc5 Bc6+ 46. Kh2 Rxd1
47. cxb6+ Kxb6 48. Qxd1 Qxe5 49. Qd2 Kb7 50. Rc2 Qe4 51. Rxc6 Qxc6 52. Qf4 Qd7
53. Qe4+ Kb8 54. Qc4 Qa7 55. Qc5 Qb7 56. a4 Ka8 57. b5 axb5 58. axb5 Qa7 59.
Qxa7+ Kxa7 60. g4 1-0

[Event "ODEM U25A 2012"]
[Site "Oberhof GER"]
[Date "2012.05.30"]
[Round "6"]
[White "Walther, Felix"]
[Black "Salz, Matthias"]
[Result "0-1"]
[Termination "normal"]
[Board "26"]
[WhiteElo "1586"]
[BlackElo "1577"]
[PlyCount "60"]
[BlackFideId "12943312"]
[EventCountry "GER"]
[EventRounds "9"]
[EventType "swiss"]
[EventDate "2012.05.26"]

1. e4 c5 2. Nf3 Nc6 3. d4 cxd4 4. Nxd4 g6 5. c3 Bg7 6. Bc4 Nf6 7. Qe2 d5 8.
exd5 Nxd5 9. Nxc6 bxc6 10. Qf3 O-O 11. O-O Be6 12. Bg5 Rb8 13. Bb3 Qa5 14. Nd2
Rfd8 15. Rfe1 h6 16. Bh4 Nf6 17. Rad1 Bxb3 18. axb3 Rb7 19. h3 Qa2 20. Nc4 Rxd1
21. Rxd1 Nd5 22. Ne3 Nxe3 23. Rd8+ Kh7 24. fxe3 Qxb3 25. Qxc6 Qxb2 26. Qe8 Qc1+
27. Kf2 Rb2+ 28. Kf3 Qf1+ 29. Kg3 Be5+ 30. Kg4 Qf5# 0-1

[Event "ODEM U25A 2012"]
[Site "Oberhof GER"]
[Date "2012.05.30"]
[Round "6"]
[White "Klinge, Sabina"]
[Black "Vergin, Marcel"]
[Result "1/2-1/2"]
[Termination "normal"]
[Board "27"]
[WhiteElo "1447"]
[BlackElo "1565"]
[PlyCount "81"]
[WhiteFideId "12949590"]
[EventCountry "GER"]
[EventRounds "9"]
[EventType "swiss"]
[EventDate "2012.05.26"]

1. e4 c5 2. Nf3 a6 3. d4 cxd4 4. Nxd4 Nf6 5. Nc3 e5 6. Nf3 Bb4 7. Bd2 O-O 8.
Bd3 Re8 9. O-O b5 10. a3 Bxc3 11. Bxc3 d6 12. Re1 Bb7 13. Qc1 h6 14. Nd2 Qb6
15. Nb3 a5 16. Qe3 Qxe3 17. Rxe3 a4 18. Nd2 Bc6 19. Rae1 Nbd7 20. Bb4 Nc5 21.
f3 Nfd7 22. c4 bxc4 23. Bxc4 Rab8 24. Rd1 Nb6 25. Rc3 Rbc8 26. Ba2 Bb5 27. Bc4
Nxc4 28. Nxc4 Bxc4 29. Rxc4 Rc6 30. Bxc5 dxc5 31. Rxa4 Rb6 32. Rd2 Reb8 33. Rc4
Rxb2 34. Rxb2 Rxb2 35. Rxc5 f6 36. Rc7 Ra2 37. Ra7 Kh7 38. h3 h5 39. h4 Kh6 40.
Ra6 Kh7 41. Ra7 1/2-1/2

[Event "ODEM U25A 2012"]
[Site "Oberhof GER"]
[Date "2012.05.30"]
[Round "6"]
[White "Kitze, Lukas"]
[Black "Kirn, Niklas Johann"]
[Result "1/2-1/2"]
[Termination "normal"]
[Board "28"]
[WhiteElo "1513"]
[BlackElo "1687"]
[PlyCount "71"]
[WhiteFideId "12932159"]
[BlackFideId "12910899"]
[EventCountry "GER"]
[EventRounds "9"]
[EventType "swiss"]
[EventDate "2012.05.26"]

1. e4 Nf6 2. Nc3 d5 3. exd5 Nxd5 4. Nf3 Nc6 5. Bc4 Nb6 6. Bb3 Bf5 7. d3 e6 8.
Be3 Bg4 9. h3 Bh5 10. g4 Bg6 11. Qd2 Bb4 12. a3 Qf6 13. Nh4 Bxc3 14. bxc3 h6
15. Nxg6 Qxg6 16. O-O-O O-O-O 17. Kb2 Kb8 18. Rb1 Qf6 19. Ka2 Nd5 20. Bxd5 Rxd5
21. Rb2 Qf3 22. Rhb1 b6 23. c4 Rd7 24. c5 Qd5+ 25. Ka1 Ka8 26. cxb6 axb6 27.
Qc3 f6 28. Rb5 Qd6 29. Bxb6 cxb6 30. Rxb6 Rc8 31. Qb3 Ra7 32. Ra6 Qc7 33. Rb6
e5 34. f3 Nd4 35. Qb2 Nc6 36. Qb3 1/2-1/2

[Event "ODEM U25A 2012"]
[Site "Oberhof GER"]
[Date "2012.05.30"]
[Round "6"]
[White "Askri, Samir"]
[Black "Katz, Simon"]
[Result "1/2-1/2"]
[Termination "normal"]
[Board "29"]
[WhiteElo "1795"]
[BlackElo "1433"]
[PlyCount "180"]
[WhiteFideId "12924938"]
[BlackFideId "12901296"]
[EventCountry "GER"]
[EventRounds "9"]
[EventType "swiss"]
[EventDate "2012.05.26"]

1. d4 d5 2. c4 e6 3. Nc3 Nf6 4. cxd5 exd5 5. Bg5 Be7 6. e3 O-O 7. Bd3 b6 8. Qc2
g6 9. Nge2 Bb7 10. O-O Nbd7 11. f4 c5 12. Qb1 Ng4 13. Bxe7 Qxe7 14. e4 cxd4 15.
Nxd4 Qc5 16. Nce2 Rfe8 17. Rc1 Qd6 18. e5 Qe7 19. h3 Nh6 20. Nb5 Nc5 21. Nd6
Red8 22. b4 Rxd6 23. bxc5 Rc6 24. cxb6 Rxb6 25. Qc2 Rc6 26. Qd2 Rac8 27. Nd4
Rxc1+ 28. Rxc1 Rxc1+ 29. Qxc1 Qb4 30. Nb3 Nf5 31. Bxf5 gxf5 32. Kf2 d4 33. Qd2
Qxd2+ 34. Nxd2 Be4 35. g3 Kg7 36. g4 Kg6 37. Nb3 d3 38. Ke3 Bg2 39. Kxd3 Bxh3
40. g5 h6 41. gxh6 Kxh6 42. Nd4 Kg7 43. Nc6 a6 44. Kd4 Kf8 45. Kc5 Bf1 46. a4
Ke8 47. Kd6 Bd3 48. Ne7 a5 49. Nc6 Bc2 50. Nxa5 Bxa4 51. Nc4 Bc2 52. Ne3 Bb1
53. Nd5 Ba2 54. Nf6+ Kf8 55. Kd7 Bb3 56. Kd6 Bc4 57. Nd7+ Kg8 58. Ke7 Kg7 59.
Nb6 Bb3 60. Nc8 Kg6 61. Nd6 Ba2 62. Ne8 Bb3 63. Nf6 Ba2 64. Kd6 Bb3 65. Kc5 Ba2
66. Kd4 Bb3 67. Ke3 Bc2 68. Kf3 Bb1 69. Kg3 Bc2 70. Kh4 Bd3 71. Nd5 Kh6 72. Ne7
Bc2 73. Ng8+ Kg6 74. Nf6 Bb1 75. Kg3 Ba2 76. Ng8 Bb1 77. Nf6 Bc2 78. Kf3 Bb1
79. Ke3 Bc2 80. Kd4 Bb1 81. Kc5 Ba2 82. Kd6 Bb3 83. Nd5 Bc2 84. Ke7 Bb3 85. Nb6
Ba2 86. Nd7 Bb1 87. Nf8+ Kg7 88. e6 fxe6 89. Nxe6+ Kg6 90. Nd4 Ba2 1/2-1/2

[Event "ODEM U25A 2012"]
[Site "Oberhof GER"]
[Date "2012.05.30"]
[Round "6"]
[White "Blumenthal, Clemens"]
[Black "Wastian, Jan"]
[Result "0-1"]
[Termination "normal"]
[Board "30"]
[WhiteElo "1435"]
[BlackElo "1627"]
[PlyCount "46"]
[WhiteFideId "12938050"]
[BlackFideId "12911640"]
[EventCountry "GER"]
[EventRounds "9"]
[EventType "swiss"]
[EventDate "2012.05.26"]

1. e4 c6 2. d4 d5 3. Nd2 dxe4 4. Nxe4 Nd7 5. Ng5 Ngf6 6. Bd3 e6 7. Qe2 Bd6 8.
N1f3 h6 9. Ne4 Nxe4 10. Qxe4 Qc7 11. Bd2 Nf6 12. Qe2 Bd7 13. c4 O-O 14. h3 c5
15. g4 Bf4 16. g5 hxg5 17. Nxg5 cxd4 18. Bxf4 Qxf4 19. Rg1 e5 20. Qc2 Rfe8 21.
Qb3 e4 22. Be2 d3 23. Bd1 e3 0-1

[Event "ODEM U25A 2012"]
[Site "Oberhof GER"]
[Date "2012.05.30"]
[Round "6"]
[White "Mann, Jonas"]
[Black "Wodzinski, Kristin"]
[Result "1/2-1/2"]
[Termination "normal"]
[Board "31"]
[WhiteElo "1541"]
[BlackElo "1692"]
[PlyCount "69"]
[WhiteFideId "12900214"]
[BlackFideId "12923141"]
[EventCountry "GER"]
[EventRounds "9"]
[EventType "swiss"]
[EventDate "2012.05.26"]

1. Nc3 Nf6 2. e4 d6 3. Bc4 c5 4. f4 e6 5. Nf3 d5 6. Bb5+ Bd7 7. Bxd7+ Nbxd7 8.
d3 Qc7 9. O-O Rd8 10. Re1 dxe4 11. Nxe4 Nxe4 12. Rxe4 Nf6 13. Re1 Bd6 14. f5 e5
15. Qe2 Nd7 16. Ng5 O-O 17. Ne4 Be7 18. Qg4 Nf6 19. Nxf6+ Bxf6 20. Bg5 Kh8 21.
Re3 Rg8 22. Rh3 Bxg5 23. Qxg5 Rd6 24. Re1 Rf6 25. Re4 Qd6 26. Rhe3 Re8 27. c3
h6 28. Qg4 Qc7 29. Qf3 b5 30. g4 g6 31. Qg3 gxf5 32. Rxe5 Rxe5 33. Rxe5 Re6 34.
Rxf5 Qe7 35. Kg2 1/2-1/2